Výučba predmetov nákladové a manažérske účtovníctvo na Ekonomickej univerzite v Bratislave

Gespeichert in:
Bibliographische Detailangaben
1. Verfasser: Antalová, Renáta
Format: Buchkapitel
Sprache:Slowakisch
Tags: Tag hinzufügen
Keine Tags, Fügen Sie das erste Tag hinzu!

MARC

LEADER 00000nla$a2200000$$$4500
001 0062560
005 20240502071716.0
041 0 |a slo 
044 |a SK 
245 1 0 |a Výučba predmetov nákladové a manažérske účtovníctvo na Ekonomickej univerzite v Bratislave  |c Renáta Antalová 
100 1 |a Antalová, Renáta